| 000 -LEADER | |
|---|---|
| fixed length control field | 00372nam a22001577a 4500 |
| 005 - DATE AND TIME OF LATEST TRANSACTION | |
| control field | 20160701110752.0 |
| 008 - FIXED-LENGTH DATA ELEMENTS--GENERAL INFORMATION | |
| fixed length control field | 160701b xxu||||| |||| 00| 0 eng d |
| 041 ## - LANGUAGE CODE | |
| Language code of text/sound track or separate title | eng |
| 082 ## - DEWEY DECIMAL CLASSIFICATION NUMBER | |
| Item number | 20270 |
| 100 ## - MAIN ENTRY--AUTHOR NAME | |
| Personal name | Chacharkar YP |
| 245 ## - TITLE STATEMENT | |
| Title | A study of metalliferous mining methods |
| 260 ## - PUBLICATION, DISTRIBUTION, ETC. (IMPRINT) | |
| Name of publisher | Lovely |
| 300 ## - PHYSICAL DESCRIPTION | |
| Number of Pages | 240 |
| 650 ## - SUBJECT ADDED ENTRY--TOPICAL TERM | |
| Topical Term | Diploma Engineering |
| 942 ## - ADDED ENTRY ELEMENTS (KOHA) | |
| Koha item type | Books |
| Lost status | Damaged status | Collection code | Home library | Current library | Shelving location | Date acquired | Cost, normal purchase price | Full call number | Accession Number | Koha item type |
|---|---|---|---|---|---|---|---|---|---|---|
| MINING | JRU Library | JRU Library | SHELF-7-J | 01/07/2016 | 200.00 | 622 | 20270 | Books | ||
| MINING | JRU Library | JRU Library | SHELF-7-C | 01/07/2016 | 200.00 | 20270 | 20271 | Books | ||
| MINING | JRU Library | JRU Library | SHELF-100-D | 01/07/2016 | 200.00 | 20270 | 20272 | Books | ||
| MINING | JRU Library | JRU Library | SHELF-100-D | 01/07/2016 | 200.00 | 622 | 20273 | Books | ||
| MINING | JRU Library | JRU Library | SHELF-100-D | 01/07/2016 | 200.00 | 20270 | 20274 | Books |